7. konferencia všeobecných lekárov pre deti a dorast

Bibliographic Details
Format: Article
Language:Slovak
PhysicalDescription:Fotogr.
ISSN:1335-4477
Subjects:

MARC

LEADER 00000nab a2200000 a 4500
001 vtls009092037
003 SK-MaSNL
005 20260303194153.0
008 140303c2007 xo wrzp 0 0slo
015 |a SNBRB2007/09  |2 snkbucl 
040 |a SNKBUCL  |b slo  |c SNKBUCL  |e AACR2 
041 0 |a slo 
044 |a xo  |c SK 
080 |a 616-053.2:061.22:061.3  |x (437.6)  |2 1997 
080 |a 061.3  |2 1997 
245 0 0 |a 7. konferencia všeobecných lekárov pre deti a dorast  |c Eva Eva Gibalová 
246 3 |a Siedma konferencia všeobecných lekárov pre deti a dorast 
300 |a Fotogr. 
611 2 7 |a Konferencia všeobecných lekárov pre deti a dorast  |n (7. :  |d 2007 :  |c Trenčianske Teplice, Slovensko)  |2 snkbucl  |9 1226078 
650 0 7 |a pediatria  |2 snkbucl  |9 912 
650 0 7 |a konferencie  |2 snkbucl  |9 19221 
773 0 |t Zdravotnícke noviny  |g Roč. XII, č. 27 (2007)  |x 1335-4477 
773 0 8 |t Lekárske listy  |g Č. 27 (2007), s.4-5 
852 |a SNK  |b KIS3GCP 
958 |a MI 
958 |a SK 
999 |c 2156232  |d 2158162